| 000 | 00400 a2200157 4500 | ||
|---|---|---|---|
| 003 | Nust | ||
| 005 | 20170207164424.0 | ||
| 040 | _cNust | ||
| 082 | _a516.3’52 | ||
| 245 |
_aElliptic curves : number theory and cryptography (E BOOK) _cLawrence C. Washington |
||
| 250 | _a2nd ed. | ||
| 260 |
_aBoca Raton _bTaylor & Francis Group _c2008 |
||
| 300 | _a524p | ||
| 538 | _ae book | ||
| 650 | _aELLIPTIC CURVES | ||
| 942 |
_2ddc _cBK |
||
| 999 |
_c208926 _d208926 |
||